000 00289nam a22001337a 4500
008 171027b xxu||||| |||| 00| 0 eng d
020 _a9780670020423
041 _aeng
080 _a336
100 _a56
101 _aFIN
245 _aFINANCIAL PEACE
_cDAVID RAMSEY
942 _2udc
_cBK
999 _c36277
_d36277